000 02016cam a22003854i 4500
003 PE-LiUPU
005 20250731183428.0
008 150706s r 000 0 d
020 _a9789875842748
035 _a(Sirsi) i9789875842748
040 _aPE-LiUPU
_bspa
_cPE-LiUPU
_erda
049 _aPRUA
082 0 4 _a720.1
_bA6
_221
245 0 3 _aLa estructura de la estructura /
_ccompilado por Alberto Campo Baeza.
264 1 _aBuenos Aires :
_bNobukob,
_c2010.
300 _a107 páginas :
_bilustraciones ;
_c21 cm.
336 _atext
_2rdacontent
337 _aunmediated
_2rdamedia
338 _avolume
_2rdacarrier
505 0 _aIntroducción -- Habitar el nuevo milenio -- Las medidas del hombre en el centro de la arquitectura -- Sabor de tierra -- El lenguaje del silencio -y el acto creador -- Parámetros materiales -- La boite a miracles -- El porceso -- Suenan como viejas canciones -- Ostemas sao sempre os mesmos -- O objecto a e a árvore: una reflexao sobre o ensino da arquitectura -- Contra el color -- La línea del cielo -- La estructura de la estructura -- La calavera -- A suspensao do tempo -- La planta dispersa -- Las líneas invisibles del contexto -- Hombre tipo, hombre libre -- Desvelar. A propósito de Alejandro de la Sota -- Cambiemos la barbi, no su ropa -- The tectonic of the disappearance.
526 _aP158
526 _aP146
526 _aP17
526 _aP12
526 _aP06
541 _g004-000263;
650 0 4 _aArquitectura.
_94555
700 1 _aCampo Baeza, Alberto,
_ecomp.
910 _a
942 _2ddc
_cBOOK
949 _a720.1 A6
_wDEWEY
_c1
_i63040
_lCCODEBUL1
_mBUL
_p20.00
_r0
_sY
_tBOOK
_u2015-7-6
_xINGENIERIA
_PP06
_o.STAFF. Colección General
994 _aC0
_bPEPRU
596 _a1
999 _a720.1 A6
_wDEWEY
_c52055
_i63040
_f2021-11-9
_g8
_lCCODEBUL1
_mBUL
_p20.00
_r0
_sY
_tBOOK
_u2015-7-6
_xINGENIERIA
_PP06
_0COMPRA
_o.STAFF. Colección General
_d52055
980 _81
_gALBERTO SANCHEZ Responsable de Automatización